[Event "Subasic Memorial 5th"]
[Site "Zenica"]
[Date "2006.12.13"]
[Round "6"]
[White "Atalik, Suat"]
[Black "Vukic, Milan"]
[Result "1/2-1/2"]
[WhiteElo "2583"]
[BlackElo "2504"]
[Annotator "Atalik,S"]
[PlyCount "238"]
[EventDate "2006.12.08"]
[EventType "tourn"]
[EventRounds "9"]
[EventCountry "BIH"]
[EventCategory "9"]
[SourceTitle "CBM 115 Extra"]
[Source "ChessBase"]
[SourceDate "2007.01.10"]
[SourceVersion "1"]
[SourceVersionDate "2007.01.10"]
[SourceQuality "1"]

1. d4 Nf6 2. c4 d6 3. Nf3 Nbd7 4. Nc3 c6 5. e4 e5 6. Be2 Be7 {The Old Indian
Defense which is also called after the Great Chigorin sometimes.} 7. O-O O-O 8.
Be3 $5 {I have especially gone for this line in this game, since Milan closes
the center against it. In this case we end up in a position very similar to
the Czech Benoni.} a6 9. d5 c5 $5 {This is Vukic's approach. He wants to play
a Czech Benoni where he avoided kingside attack with h3 and g4 for White which
is universally accepted to be the best. However, there even in the lines with
a normal development Be2 and 0-0 White should have the upper hand. In my
preparation I have noticed that the Dutch GM Hans Ree has perfected White's
play.} 10. Rb1 $5 {The rook may be exposed to a further f5, exf5 Bxf5, however,
Ra1 should be moved out sometime.} (10. a3 Ne8 11. b4 g6 12. Qd2 Ng7 13. Bh6 b6
14. Ne1 Kh8 15. Kh1 Nf6 16. Nd3 Ng8 17. Be3 $16) 10... Ne8 11. b4 b6 12. bxc5
bxc5 {The first objective is to open the b line which is accomplished. The
black pawn on a6 is not to his advantage in my opinion because of its presence
Black is deprived of Ba6 counterplay in some lines.} 13. Qd2 g6 14. Bh6 Ng7 15.
Ne1 $1 $146 {Impersonating GM Ree!} Kh8 {Black is changing the move order for
the famous Nf6, Kh8, Ng8 maneuver.} (15... Nf6 16. Nd3) 16. Kh1 (16. Nd3 $6 Nb6
$1) 16... Nf6 {He had enough with the waiting moves.} (16... Qc7 $5 17. Rb3 $1)
17. Nd3 Ng8 18. Be3 Qc7 (18... f5 19. f4 $1 fxe4 20. Nxe4 exf4 21. Bxf4 Bf5 22.
Ndf2 Nf6 23. Bd3 $16) 19. f4 $1 $16 {Finally the time has come for this break.}
f6 (19... exf4 20. Bxf4 Bf6 21. e5 $1 (21. Na4 Bd4) 21... dxe5 22. Be3 Be7 23.
Na4 $16) 20. fxe5 $2 {Relieving the tension on the wrong moment.} ({Immediate} 
20. Qb2 {looks very strong since Black would have difficulties to cover both b
and f lines.} Qa5 21. Bd2 $16) 20... fxe5 21. Rxf8 Bxf8 22. Qb2 {The right
idea but bad execution.} (22. Rf1 Bd7 23. Rf7 Be7 24. Bh6 Ne8 $14 {goes
nowhere for white.}) 22... Nf6 23. Qb6 Qxb6 24. Rxb6 Nge8 25. Nf2 Be7 26. Rb3
$1 {Self protection against Bd8-a5.} Bd7 27. Bd1 Bd8 28. Ra3 $1 Kg7 29. g4 $14
{White has again the upper hand. It is noticeable that with this kind of play
unfortunately Vukic plays for two results either he loses either he makes a
draw due to inconsequent play by White.} h6 30. Kg2 Nh7 31. Kg3 Nhf6 (31... Bg5
$6 32. Bxg5 hxg5 33. Rb3 $16) 32. Ba4 Bxa4 33. Nxa4 Nd7 34. Rb3 Rb8 {Now it is
difficult to break the symmetry.} 35. Bd2 Nef6 36. h4 Bc7 37. g5 hxg5 38. hxg5
Nh7 (38... Nh5+ 39. Kg4 Kf7 40. Nd3 Ke7 $14 {was an alternative.}) 39. Nd3 Kf7
40. Kg4 Nhf8 41. Ne1 Ke8 42. Nf3 Kd8 43. Kg3 Kc8 44. Kf2 Rb7 45. Nh4 Bd8 46.
Ke2 Nh7 47. Nf3 (47. Nxg6 $6 Rxb3 48. axb3 Bxg5 49. Bc3 Ndf6 $11) 47... Rb8 48.
Kf2 Nhf8 49. Kg3 Bc7 50. Nh2 Kd8 51. Ng4 Ke8 52. Kf3 Ke7 53. Ke2 Ke8 54. Kd3
Nh7 55. Nh2 Nhf8 56. Kc2 Bd8 57. Rg3 Rb7 58. Rb3 Rb8 59. Nf3 Bc7 60. Rxb8+ $1 {
I have thought that it is an appropriate moment to exchange the rooks from the
psychological point of view.} Bxb8 {He automatically replied with this.} ({
I was sure that he will be reluctant for the normal recapture} 60... Nxb8 61.
Nxe5 $1 dxe5 62. Nxc5 Bb6 (62... Bd6 63. Nb7 Be7 64. c5 Nh7 (64... Kd7 65. Bc3)
65. c6 $18) 63. Na4 Bd4 64. Kb3 $3 {Covering c5 square in time.} Nbd7 65. Kb4
$1 $16) 61. Ba5 $1 $16 {This keeps his king and bishop away. However Na4 and
Ba5 are also not fully operational.} Nh7 62. Kd3 Ke7 63. Ke2 Ba7 64. Kf2 Bb8
65. Kg3 Ke8 66. Kg4 Nhf8 67. Nh4 Kf7 68. Nc3 {The thematic sac does not work
yet.} (68. Nf5 $6 gxf5+ 69. exf5 e4 $1 70. Kf4 Ne5 71. Nb2 Nf3 $132 (71... Nd3+
72. Nxd3 exd3 73. g6+ Nxg6+ 74. fxg6+ Kxg6 75. Ke4 Bc7 $11)) 68... Ke7 69. Nf3
Ba7 70. Na4 Bb8 71. Nd2 Ke8 72. Nb3 Kf7 73. Bd2 (73. Nb6 $2 Nxb6 74. Bxb6 Nd7
75. Ba5 Ba7 $11) (73. Bb6 $2 Nxb6 74. Nxb6 Bc7 75. Nc8 Nd7 $11) 73... Bc7 74.
Na5 $1 {I have finally found a point of entry.} Nb8 {He cannot exchange this
mighty horse.} (74... Bxa5 $2 75. Bxa5 Ke7 76. Bc7 Nh7 77. Nc3 Nhf8 78. a4 Nh7
79. a5 Nhf8 80. Na4 Nh7 81. Nb6 Nxb6 82. axb6 Kd7 83. Bb8 $1 $18) 75. Nb7 Nfd7
$4 {This was the first gift in mutual time trouble.} (75... Nbd7 $1 76. Ba5 (
76. Nb2 Ke7 77. a4 Nb6 78. a5 Nbd7 $11) 76... Bxa5 77. Nxa5 Ke7 78. Nc6+ Ke8
79. Nb2 Nb6 80. a4 Kd7 81. a5 Nc8 82. Nd3 Kc7 $11) 76. Kf3 $4 $11 {The whole
game White is trying to prevent the exchange of dark squared bishops albeit
this is the time!} (76. Ba5 $3 {Paradoxal but this exchange wins on the spot
since neither of his knights can help his king with the defence of d6 pawn.}
Bxa5 77. Nxa5 Ke7 78. Nb7 Nf8 79. Nb6 $18 {and d6 falls.}) 76... Ke7 77. Nb2
Nb6 78. a4 Ke8 79. Na5 {Keeping the knight on b7 was an option.} (79. a5 Nc8
80. Nd3 Nd7 81. Nf2 Bd8 82. Ng4 Be7 83. Be3 Kf7 84. Nh6+ Ke8 85. Nf5 Nf8 $1 $11
) 79... Kd7 80. Nb3 Ke7 81. a5 Nc8 82. Bc3 Nd7 83. Nd3 Bb8 84. Kg4 Bc7 85. Nd2
Bb8 86. Nf3 Bc7 87. Nh4 Kf7 88. Nf2 Nf8 89. Bd2 {Once again after the thematic
sac on f5 nothing happens either if he accepts or declines.} (89. Nf5 $5 gxf5+
(89... Nd7 90. Nh6+ Ke8 $11) 90. exf5 Ne7 91. Ne4 Nd7 $11) 89... Ne7 90. Kf3
Nd7 91. Ng4 Kg7 92. Nh6 Nc8 93. Kg4 Kh7 94. Bc3 (94. N6f5 gxf5+ 95. exf5 Kg7
96. Kf3 Ne7 97. Ke4 Kf7 $11) 94... Kg7 95. Ng2 Kf8 96. Kf3 Bd8 97. Kg4 Bc7 98.
Ne1 Bd8 99. Nd3 Be7 100. Nf2 Bd8 101. Bd2 Bc7 102. Kf3 Bd8 103. Nfg4 Bc7 104.
Kg3 {f6 square is unconquerable yet.} (104. Nf6 $2 Nxf6 105. gxf6 Bd8 106. Ng4
Kf7 107. Kg3 Bxf6 108. Nxf6 Kxf6 109. Kg4 Ne7 110. Bg5+ Kf7 111. Kf3 Ng8 112.
Bc1 (112. Kg4 Kg7 113. Kh4 $2 Nf6 114. Bxf6+ Kxf6 115. Kg4 Kf7 116. Kh4 Kg8 $1
117. Kg4 Kh7 118. Kg5 Kg7 119. Kh4 Kh6 120. Kg4 g5 121. Kf5 Kh5 122. Ke6 g4
123. Kxd6 g3 124. Kc7 g2 125. d6 g1=Q 126. d7 Qe1 $1 $19) (112. Bd8 $2 Nf6 113.
Ke3 g5 $19) 112... Nf6 113. Bd2 Nh5 (113... Nh7 114. Kg4) 114. Bg5 Nf4 115.
Bxf4 exf4 116. Kxf4 Kf6 117. Kg4 Ke5 118. Kg5 Kxe4 119. Kxg6 Kd4 120. Kf5 Kxc4
121. Ke6 Kb5 122. Kxd6 c4 123. Ke5 $1 c3 124. d6 c2 125. d7 c1=Q 126. d8=Q $15)
104... Bd8 105. Kh4 Kg7 106. Nh2 Kf8 107. Nf3 Bc7 108. Ng4 Kf7 109. Bc3 Kg7
110. Be1 Kf7 111. Bd2 Kg7 $4 {Here comes the second gift. He had to keep the
bishop on the d8-h4 diagonal.} (111... Bd8 $11) 112. Nf6 $1 $18 {Now the
penetration is fruitful} Nxf6 ({since the exchange on f6 is unavoidable.} 
112... Nf8 113. Ne8+ $18 {due to this fork.}) 113. gxf6+ Kxf6 114. Ng5 Ke7 (
114... Bb8 115. Ne6 Ke7 (115... Ne7 116. Bg5+ Kf7 117. Nd8+ $18) 116. Bg5+ Ke8
117. Bd8 Kf7 118. Kg5 Ne7 119. Bb6 Ke8 120. Bc7 Bxc7 121. Nxc7+ Kd7 122. Nxa6
Kc8 123. Kf6 Kd8 124. Nb8 $18) 115. Ne6 Kd7 116. Nf8+ $4 {Blindness.Being low
on time Istarted to play very quick and missed two things.} (116. Nxc7 $4 {
This exchange does not win naturally.} Kxc7 117. Kg5 Kd7 118. Kxg6 Ne7+ 119.
Kf7 Nc8 120. Be1 Ne7 (120... Na7 121. Kf6 Nc8 122. Bg3 Na7 123. Bxe5 dxe5 124.
Kxe5 Nc8 125. d6 $3 (125. Kf6 $2 Nd6 126. e5 Nxc4 $19) 125... Nxd6 126. Kd5 Kc7
(126... Nxe4 127. Kxe4 Ke6 $11) 127. e5 Nb7 128. e6 Nd6 129. Kxc5 Nc8 130. Kd5
Ne7+ 131. Ke5 Ng8 132. Kd5 Nf6+ 133. Ke5 Ne8 134. Kd5 Ng7 135. e7 $11) 121. Bh4
Nc8 122. Kg6 $11) ({However bringing the king up is a trivial win with his
smothered minor pieces.} 116. Kg5 $1 Bd8+ (116... Nb6 117. axb6 Bxb6 118. Kxg6
a5 119. Kf7 a4 120. Bc1 Ba5 121. Nf8+ Kd8 122. Ke6 Kc7 123. Ke7 Bb4 124. Ne6+
$18) (116... Ne7 117. Kf6 Bb8 (117... Bd8 118. Kf7 Nc8 119. Nf8+ Kc7 120. Ke8
Bf6 121. Ne6+ Kb7 122. Bg5 Bxg5 123. Nxg5 Nb6 124. axb6 Kxb6 125. Ke7 a5 126.
Kxd6 a4 127. Ne6 a3 128. Nxc5 g5 129. Nb3 g4 130. Ke6 g3 131. d6 g2 132. d7
g1=Q 133. d8=Q+ $18) 118. Bg5 Ke8 119. Kg7 Kd7 120. Kf7 Nf5 121. exf5 gxf5 122.
Nf8+ $18) 117. Kxg6 Ke8 (117... Bh4 118. Kf7 Be7 (118... Bg3 119. Nf8+ Kc7 120.
Ke8 Kb7 121. Ne6 Bh4 122. Kd7 Bg3 123. Bg5 Be1 124. Bd8 Bd2 125. Bc7 $18) 119.
Bg5 Bxg5 120. Nxg5 Ne7 121. Nh7 Nc8 122. Nf6+ Kc7 123. Ke6 Kd8 124. Nd7 Kc7
125. Nb6 Na7 126. Ke7 Nb5 127. cxb5 axb5 128. Nd7 c4 129. Nxe5 $18) 118. Ng7+ (
118. Kg7 Na7 119. Be1 Nc8 120. Kg6) 118... Kd7 (118... Kf8 119. Kh7 Kf7 120.
Ne6 Bh4 121. Nc7 Ke7 122. Nxa6 Kd7 123. Nb8+ Kc7 124. Nc6 $18) 119. Kf7 $18)
116... Ke8 117. Nxg6 (117. Ne6 Bd8+ 118. Nxd8 Kxd8 119. Kg5 Kd7 120. Kxg6 Ne7+
121. Kf7 Nc8 122. Bg5 Na7 123. Bh4 Nc8) 117... Ne7 $1 $11 {Now the exchange of
knights is unavoidable and after that Black will put his king on d7 and just
wait.} 118. Kh5 Nxg6 119. Kxg6 Kd7 {The game with Drasko was simply a bad
fallure but to draw these two people in two consecutive rounds like this it is
just a tragedy.} 1/2-1/2

[Event "Mar del Plata op 34th"]
[Site "Mar del Plata"]
[Date "2003.04.13"]
[Round "3"]
[White "Atalik, Suat"]
[Black "Cordero, Alfredo"]
[Result "1-0"]
[WhiteElo "2568"]
[BlackElo "2323"]
[Annotator "Atalik,S"]
[PlyCount "35"]
[EventDate "2003.04.12"]
[EventType "swiss"]
[EventRounds "9"]
[EventCountry "ARG"]
[SourceTitle "EXT 2004"]
[Source "ChessBase"]
[SourceDate "2003.11.25"]
[SourceVersion "1"]
[SourceVersionDate "2003.11.25"]
[SourceQuality "1"]

1. d4 d6 2. Nf3 Nf6 3. c4 Nbd7 4. Nc3 e5 5. e4 Be7 6. Be2 O-O 7. O-O c6 8. Be3
$5 {One of many lines.} Ne8 $6 {Looks very passive.} 9. b4 g6 10. Qb3 Ng7 11.
Rad1 Qc7 12. Rd2 $5 (12. Rfe1 $16 {is normal.}) 12... Nf6 13. h3 Nfh5 14. d5 $1
{Time to close the game.} Nf6 $2 {Going back is not coherent with the needs of
the position.} (14... Nf4 15. Bxf4 exf4 16. e5 $1 (16. c5 dxc5 $1 17. e5 cxb4
18. d6 bxc3 19. dxc7 cxd2 $44) 16... dxe5 17. c5 $16) 15. c5 $18 Nd7 $2 {
After this much of passivity even a child can score.} (15... dxc5 16. bxc5 cxd5
17. Nxd5 Nxd5 18. exd5 Bxc5 19. Rc1 b6 20. d6 $18) 16. cxd6 (16. Rfd1 Ne8 17.
cxd6 Nxd6 18. Bc5 Nf6 19. Nxe5 $18) 16... Bxd6 17. Rfd1 {The impact of whites
12th was huge!} cxd5 (17... Nb6 18. dxc6 Be6 19. Qb2 $18) (17... Nf6 18. dxc6
$18) 18. Nb5 {Curtains!} (18. Nb5 Qb8 19. Rxd5 Be7 20. Rxd7 Bxd7 21. Rxd7 $18)
1-0

[Event "GRE-chT 32nd"]
[Site "Kallithea"]
[Date "2003.07.10"]
[Round "8"]
[White "Atalik, Suat"]
[Black "Hickl, Joerg"]
[Result "0-1"]
[WhiteElo "2599"]
[BlackElo "2560"]
[Annotator "Atalik,S"]
[PlyCount "108"]
[EventDate "2003.07.04"]
[EventType "team-tourn"]
[EventRounds "9"]
[EventCountry "GRE"]
[SourceTitle "CBM 095 Extra"]
[Source "ChessBase"]
[SourceDate "2003.09.04"]
[SourceVersion "1"]
[SourceVersionDate "2003.09.04"]
[SourceQuality "1"]

1. d4 d6 2. Nf3 Nf6 3. c4 Nbd7 4. Nc3 e5 5. e4 Be7 6. Be2 O-O 7. O-O c6 8. Qc2
{This is one of the choices.} (8. Be3 $5 a6 9. d5 cxd5 10. cxd5 Ng4 11. Bd2 b5
$5) 8... a6 9. Rd1 Qc7 10. Bg5 Re8 11. Rac1 h6 12. Bh4 Nh7 13. Bxe7 Rxe7 14.
Qd2 (14. dxe5 $5 dxe5 15. Na4 b6 16. b4 $36) 14... Nhf6 15. Nh4 Nf8 16. d5 $1 {
Finally white decides to close the center. Usually black tries to get rid of
black squared bishops in this type of structure however even in this case
still certain set ups like the one we have over the board favors white.} (16.
dxe5 dxe5) 16... c5 17. g3 N8h7 18. f3 Ng5 19. Qe3 g6 $6 (19... Bd7 20. Nf5
Bxf5 21. exf5 Qd7 22. h4 Ngh7 23. g4 Nf8 24. Ne4 Nxe4 25. fxe4 $14) 20. Rb1 $1
{I need this to push b4.} (20. b4 cxb4 21. Na4 Nd7 22. c5 Nxc5 23. Nxc5 Qb6 $1
$17) 20... Bd7 21. b4 b6 22. a4 $2 {The start of a self destructive plan.} (22.
Rb3 Rb8 23. Rdb1 Ree8 24. bxc5 bxc5 25. Ng2 Kg7 26. h4 Ngh7 27. Qc1 Rxb3 28.
axb3 $14) 22... Ree8 23. a5 cxb4 24. Rxb4 b5 $1 {The natural outcome, even if
you push a cat towards the wall he will try to jump on you when he has no room
anymore.} (24... bxa5 $2 25. Qb6 $16) 25. Ra1 $5 {I thought I had to avoid
simplifications for the struggle to go on.} (25. cxb5 axb5 $1 {Black should
head for equality.} ({In post mortem,he showed me that he was going to play 25.
..Rec8. That is true that if white tries to meet this by normal means he will
hit the bottom but there ia a fantastic possibility to chase the initiative
for white.} 25... Rec8 $2 26. b6 $1 (26. Rb3 $2 axb5 27. Nxb5 Bxb5 28. Bxb5 Qc2
29. Be2 Rxa5 $17) 26... Qxc3 27. Qxc3 Rxc3 28. b7 (28. Bxa6 Ra3 29. b7 (29. Bb7
R8xa5 30. Bc6 Bc8 $17) 29... Rb8 30. Rc1 Rxa5 31. Rc8+ Bxc8 32. bxc8=Q+ Rxc8
33. Bxc8 Ra1+ 34. Kg2 Ra2+ 35. Kg1 $15) 28... Rb8 29. Ra1 Bb5 (29... Rc2 30.
Kf1 Bh3+ 31. Ke1 Nd7 32. Bxa6 Rxh2 33. Ra3 Rh1+ 34. Kd2 Rh2+ 35. Ke3 Nc5 36.
Be2 $18) 30. Bxb5 Rxb7 31. Rc4 Rxc4 32. Bxc4 Ra7 33. Rb1 Nd7 34. Kf2 $16) 26.
Nxb5 Qxa5 27. Rdb1 Reb8 28. Ng2 Rb7 29. h4 Ngh7 30. R4b3 $11) 25... Qc5 $1 (
25... Rec8 $6 26. Rb3 bxc4 27. Rb4 Qc5 28. Qxc5 Rxc5 29. Bxc4 $16) 26. Qxc5
dxc5 27. Rbb1 b4 28. Nd1 $2 {Around here I have absolutely lost the control in
the game.} (28. Na4 Bxa4 29. Rxa4 Nd7 30. Kf2 $14) 28... Re7 29. Nb2 Ne8 30.
Nd3 (30. Bd1 Nd6 31. Ba4 Bxa4 32. Nxa4 Rc8 33. Nb6 Rf8 $17) 30... Rc8 {Black
has achieved a dream position so far. I was heading into this because when I
have initiated the things with 23.a5 I have thought I have a piece sac in this
position.} 31. Bd1 (31. Nxb4 $2 cxb4 32. Rxb4 Nd6 33. Rb6 Nxc4 34. Bxc4 Rxc4
35. Rxa6 Nh3+ 36. Kh1 Bc8 37. Ra8 Rec7 $17) 31... Kg7 $6 {He also errs by
rushing the things up. He had to show some patience.} (31... Nd6 32. Bb3 Kg7
33. Re1 f6 $17) 32. Bb3 f5 33. f4 $1 {Now white has some hopes of getting out.}
Nf7 (33... exf4 $2 34. e5) 34. Re1 (34. exf5 Bxf5) 34... Kf6 (34... fxe4 35.
Rxe4) 35. Nf3 (35. exf5 Bxf5 36. Nxf5 gxf5 37. fxe5+ Nxe5 38. Nxe5 Rxe5 39.
Rxe5 (39. Kf2 Nd6 40. Rxe5 Kxe5 41. Ke3 Rg8) 39... Kxe5 40. Re1+ Kd4 41. Re6
Rd8 (41... Kc3 42. Ba4) 42. Rxa6 Kc3 43. Bd1 Nd6 44. Rc6 Kxc4 45. a6 Kxd5 46.
Bf3+ Kd4 47. a7 Nb5 48. Ra6 Nxa7 49. Rxa7 c4 $19) 35... fxe4 36. fxe5+ $2 $138
{I have seen that the coming position with the exchange up is pretty bad and
started to calculate the alternative line. Howver all of a sudden being low on
time I have changed my mind and assumed wrongly that I can defend that
position with exchange up. Stupid!} (36. Rxe4 $1 exf4 (36... Bf5 $2 37. fxe5+
Nxe5 38. Rxe5 Bxd3 39. Rae1 $18) 37. Rxe7 Kxe7 38. gxf4 Ned6 (38... Bf5 $2 39.
Re1+ Kf6 40. Nxc5 (40. Rxe8 $6 Rxe8 41. Nxc5 Nd6 42. Ne5 g5 $15) 40... Rxc5 41.
Rxe8 Rxa5 42. Rb8 $16) 39. Re1+ Kf6 40. Nde5 Bf5 41. Nxf7 Kxf7 42. Kf2 Kf6 43.
Ne5 $15 {There is still plenty of play here.}) 36... Nxe5 37. Ndxe5 Rxe5 38.
Nxe5 Kxe5 39. Re3 Nd6 $19 {Exchange does not matter white is in a very bad
shape.} 40. Rae1 Kd4 41. R3e2 Bg4 42. Rf2 Bf3 43. Rc1 Rf8 44. Rd2+ Ke5 45. Re1
Rf6 46. Ba2 $2 {This gives away the a5 pawn but anyway white had a gone game.}
(46. Rd3 g5 $1 {and whites agony continues.} (46... Nb7 $2 47. d6 Nxd6 (47...
Rxd6 $4 48. Rxf3) 48. Rd5+)) 46... Nb7 $1 47. Kf2 Nxa5 48. Rb1 (48. d6 Rxd6 49.
Rxd6 Kxd6 $19) 48... b3 49. d6 bxa2 {I do not want to criticze this anyway
everything wins.} (49... e3+ $1 $19) 50. Rxa2 Nxc4 51. Rc1 e3+ 52. Ke1 Nxd6 (
52... Rxd6 $1 {wins quicker.}) 53. Rxc5+ Kd4 54. Rc7 Bd5 $1 {An incredibly bad
game by my side!} 0-1

[Event "YUG-chT"]
[Site "Vrnjacka Banja"]
[Date "1998.08.26"]
[Round "6"]
[White "Atalik, Suat"]
[Black "Tosic, Miroslav"]
[Result "1/2-1/2"]
[WhiteElo "2585"]
[BlackElo "2525"]
[Annotator "Atalik,S"]
[PlyCount "47"]
[EventDate "1998.08.??"]
[EventType "team"]
[EventRounds "11"]
[EventCountry "YUG"]
[SourceTitle "CBM 068"]
[Source "ChessBase"]
[SourceDate "1999.02.01"]
[SourceVersion "1"]
[SourceVersionDate "1999.02.01"]
[SourceQuality "1"]

{[%mdl 24576]} 1. d4 c6 2. c4 d6 3. Nc3 Nd7 4. e4 e5 5. Nf3 Ngf6 6. Be2 Be7 7.
O-O O-O 8. Be3 $1 {The best move against Old Indian Defence.} Re8 9. d5 c5 10.
Ne1 Nf8 11. g3 $6 (11. Nd3 Ng6 12. a3 Bf8 13. f3 $1 $16 {preventing Nf4.})
11... Bh3 12. Ng2 Qd7 13. f3 $1 (13. a3 Ng6 14. b4 b6 {now h5 is coming with
or without whites f3.}) (13. f4 $6 exf4 14. gxf4 Bd8 15. Bd3 Ba5 16. Qc2 Qg4
$17) 13... h5 14. Qd2 Ng6 15. Nd1 h4 16. g4 $2 {The player with the white
pieces was lazy to calculate.} (16. Nf2 Nh5 $1 (16... hxg3 17. hxg3 Qc8 (17...
Nh5 18. Kh2) 18. Kh2 Bd7 $14) 17. Nxh3 (17. Nh1 $5 {Even this would be better.}
) 17... hxg3 {is the trick whichs consequences I could not figure out.} 18. Ng5
Bxg5 19. Bxg5 Qh3 20. hxg3 Qxg3 $1 (20... f6 $5 21. Bh4 $1 (21. Be3 $2 Qxg3 (
21... Nxg3 $2 22. Rfe1 Nh4 23. Nxh4 Qh1+ 24. Kf2 Qxh4 25. Kg2 $18) 22. Bf2 Qh3
23. Be3 Qg3 $5 $11) (21. g4 $5 Nhf4 22. Bxf4 exf4 23. Bd1 Kf7 24. Ne1 $18)
21... Nxh4 (21... Nxg3 22. Bxg3 Qxg3 23. Qe1 Qg5 24. Kf2 $18) (21... Kf7 22. f4
Nhxf4 23. Rxf4 exf4 24. Bh5 Rxe4 25. Nxf4 $18) 22. gxh4 Ng3 23. Rfe1) (20...
Nxg3 21. Rfe1 (21. Kf2 $6 Nxf1 22. Rxf1 f6 23. Be3 Nh4 24. Nxh4 Qxh4+ 25. Kg2
$18) 21... f6 22. Be3 Nh4 23. Nxh4 $18 {transposes to 20...f6.}) 21. f4 $3 (21.
Be3 $2 Nhf4 $1 (21... f6 $2 22. Bf2 Qh3 23. Rfc1 Nhf4 24. Nxf4 Nxf4 25. Bf1
Qxf3 26. Qe3 Qh5 27. Rc3 $18) 22. Bd1 (22. Bxf4 Nxf4 23. Bd1) 22... f6 23. Rf2
Kf7 $19) (21. Rf2 $2 f6 $1 (21... Nhf4 $2 22. Bxf4 Nxf4 23. Bd3 (23. Kf1 $2 Qh2
) 23... f6 24. Kf1 Nh3 25. Qe3 Qh2 26. Ke2 $18) 22. Be3 Nhf4 23. Bxf4 (23. Kf1
$4 Qh2 $19) (23. Bd3 Kf7) 23... Nxf4 24. Bd3 Kf7 (24... Nh3+ $2 25. Kf1 Qh2 26.
Ke1 $16) 25. Kf1 Rh8 26. Nxf4 Rh1+ 27. Ke2 Rxa1 $19) 21... Nhxf4 22. Bxf4 Nxf4
23. Bd1 Qg5 (23... Qg6 24. Ba4 Re7 25. Rae1 $18) 24. Rf2 $18) 16... Nh7 17. Nf2
Bxg2 18. Kxg2 Nf4+ $1 {accompanied by a draw offer.} 19. Kh1 (19. Bxf4 exf4 20.
Nd3 Bf6 21. Rab1 (21. Nxf4 $2 Bg5 $19) (21. Qxf4 $2 Bg5 22. Qf5 Qd8 23. e5 g6
24. Qe4 Nf6 $1 $19) 21... g5 $15) 19... Bg5 $15 20. Rfb1 Nxe2 21. Qxe2 Bxe3 22.
Qxe3 a5 23. a4 Nf8 24. Nd3 $11 1/2-1/2